00541nam a22001697a 450000500170000001000150001702000110003203500140004303700130005708200110007010000180008124500600009926000350015927001060019430000260030050000450032620190612145754.0 aENG-125545 c300.00 aEN-109077 bDBAD/PUB a620.11 aSrinivasan, R aEngineering Materials and Metallurgy /cby R Srinivasan aChennaibVijay Nicole Imprint  a No.936, second floor, jayadurga Complex, bazar Road, Ram Nagar bChennaimvni@vijaydurganicole.co.in axxii,238p.c21cm(pbk) ainclude bibliography reference and index